000 01301 a2200241 4500
010 _aENG-85783 B-430993-994
020 _a0195677234
_c625.00
035 _aEN-69316 B-430993-994
037 _bD.B.Act / PUB
037 _bAllied Pub /Ven
082 1 4 _a378.1542
245 1 _aThe Delhi college
_btraditional elites, the colonial state and educational before 1857
260 _aNew Delhi
_bOxford University Press
_c2006
270 _aYMCA Library Building, Jai Singh Road,
_bNew Delhi, Akshaya Prakashan
_cDelhi
_e110 001
300 _ax, 340p.
_c23cm (Hb)
500 _aIncludes index
700 _aPernan, Margrit
_929009
942 _adpl
_cEN
_k378.1542 / DEL
_2ddc
_h378.1542
_mDEL
999 _c3467
_d3467